Cruzada en 'jeans' / (Registro nro. 9844)
[ vista simple ]
| 000 -LEADER | |
|---|---|
| fixed length control field | 00843nam a22003255b 4500 |
| 001 - CONTROL NUMBER | |
| control field | 0393180 |
| 003 - CONTROL NUMBER IDENTIFIER | |
| control field | DO-SdBNP |
| 005 - DATE AND TIME OF LATEST TRANSACTION | |
| control field | 20160420083206.0 |
| 007 - PHYSICAL DESCRIPTION FIXED FIELD--GENERAL INFORMATION | |
| fixed length control field | 0393180 |
| 008 - FIXED-LENGTH DATA ELEMENTS--GENERAL INFORMATION | |
| fixed length control field | 940202s1993 sp | |||| ||spa |
| 016 7# - NATIONAL BIBLIOGRAPHIC AGENCY CONTROL NUMBER | |
| Record control number | |
| Source | BPMSU |
| 017 ## - COPYRIGHT OR LEGAL DEPOSIT NUMBER | |
| Copyright or legal deposit number | |
| Assigning agency | |
| 020 ## - INTERNATIONAL STANDARD BOOK NUMBER | |
| International Standard Book Number | 8434811391 |
| 035 ## - SYSTEM CONTROL NUMBER | |
| System control number | |
| 040 ## - CATALOGING SOURCE | |
| Original cataloging agency | BPMSU |
| Language of cataloging | spa |
| Transcribing agency | BPMSU |
| Description conventions | |
| 041 1# - LANGUAGE CODE | |
| Language code of text/sound track or separate title | spa |
| Language code of original | |
| 080 #0 - UNIVERSAL DECIMAL CLASSIFICATION NUMBER | |
| Universal Decimal Classification number | |
| 100 1# - MAIN ENTRY--PERSONAL NAME | |
| Personal name | Beckman, Thea |
| Dates associated with a name | 1923-2004 |
| 240 10 - UNIFORM TITLE | |
| Uniform title | <a href="Kruistocht in Spijkerbroek">Kruistocht in Spijkerbroek</a> |
| Language of a work | español |
| 245 1# - TITLE STATEMENT | |
| Title | Cruzada en 'jeans' / |
| Medium | |
| Statement of responsibility, etc. | Thea Beckman ; traducción Guillermo Solana |
| 250 ## - EDITION STATEMENT | |
| Edition statement | 14ª ed. |
| 260 ## - PUBLICATION, DISTRIBUTION, ETC. (IMPRINT) | |
| Place of publication, distribution, etc. | Madrid : |
| Name of publisher, distributor, etc. | SM, |
| Date of publication, distribution, etc. | 1993 |
| 300 ## - PHYSICAL DESCRIPTION | |
| Extent | 283 p. : |
| Dimensions | 21 cm |
| 440 #0 - SERIES STATEMENT/ADDED ENTRY--TITLE | |
| Title | Gran angular |
| Volume/sequential designation | 29 |
| 700 1# - ADDED ENTRY--PERSONAL NAME | |
| Personal name | Solana, Guillermo |
| Dates associated with a name | 1930-2004 |
| 700 1# - ADDED ENTRY--PERSONAL NAME | |
| Personal name | |
| 830 ## - SERIES ADDED ENTRY--UNIFORM TITLE | |
| Uniform title | Gran angular |
| Volume number/sequential designation | 29 |
| 942 ## - ADDED ENTRY ELEMENTS (KOHA) | |
| Source of classification or shelving scheme | Dewey Decimal Classification |
| Koha item type | Libros |
| 956 ## - LOCAL ELECTRONIC LOCATION AND ACCESS (OCLC) | |
| Host name | VMATEO |
| Access method | 10 |
| Materials specified | 20160420 |
| Linkage | BPMSU |
| Field link and sequence number | 0069 |
| Withdrawn status | Lost status | Source of classification or shelving scheme | Damaged status | Not for loan | Home library | Current library | Date acquired | Source of acquisition | Total Checkouts | Barcode | Date last seen | Price effective from | Koha item type |
|---|---|---|---|---|---|---|---|---|---|---|---|---|---|
| Dewey Decimal Classification | Biblioteca Pública Metropolitana Salomé Ureña | Biblioteca Pública Metropolitana Salomé Ureña | 04/20/2016 | FUNDI | BPMSU16040559 | 04/20/2016 | 04/20/2016 | Libros |